000 00292nam a22001337a 4500
008 181218b xxu||||| |||| 00| 0 eng d
020 _a619587004921
041 _aeng
080 _a004
100 _a30
101 _aSHK
245 _aGame Programming Gemes
_cMark.D.A
942 _2udc
_cBK
999 _c53444
_d53444